| 000 | 01207cam a22002771 4500 | ||
|---|---|---|---|
| 999 |
_c7842 _d7842 |
||
| 001 | 1221535 | ||
| 003 | GBCCL | ||
| 005 | 20241126110638.0 | ||
| 008 | 790405s1958 miu b 000 0 eng | ||
| 010 | _a 58010234 | ||
| 020 | _a0851116035 | ||
| 040 |
_aDLC _cDLC _dDLC |
||
| 050 | 0 | 0 |
_aBS2675 _b.T3 |
| 082 | 0 | 0 |
_a225.7 _bTYN |
| 100 | 1 |
_aTasker, R. V. G. _q(Randolph Vincent Greenwood), _d1895- _91391 |
|
| 245 | 1 | 4 |
_aThe Second epistle of Paul to the Corinthians, _ban introduction and commentary. |
| 250 | _a[1st ed.] | ||
| 260 |
_aLondon, _bIVP _c[1958] |
||
| 300 |
_a192 p. _c21 cm. |
||
| 490 | 0 | _aThe Tyndale New Testament commentaries | |
| 504 | _aIncludes bibliography. | ||
| 505 | _av.1 Matthew.-- v.2 Mark.-- v.3 Luke.-- v.4 John.-- v.5 Acts.-- v.6 Romans.-- v.7 I Corinthians.-- v.8 II Corinthians.-- v.9 Galatians.-- v.10 Ephesians.-- v.11 Philippians.-- v.12 Colossians and Philemon.-- v.13 I,II Thessalonians.-- v.14 Pastoral Epistles.-- v.15 Hebrews.-- v.16 James.-- v.17 I Peter.-- v.18 II Peter, Jude.-- v.19 I, II,III John.-- v.20 Revelation. | ||
| 630 | 0 | 0 |
_aBible. _pCorinthians, 2nd _xCommentaries _98488 |
| 906 |
_a7 _bcbc _corignew _du _eocip _f19 _gy-gencatlg |
||
| 942 |
_2ddc _cBK _07 |
||